[Event "DEM U14 2024"]
[Site "Willingen GER"]
[Date "2024.05.23"]
[Round "7"]
[White "Mündörfer, Sebastian"]
[Black "Xue, Luka"]
[Result "1-0"]
[Termination "normal"]
[Board "16"]
[WhiteElo "1914"]
[BlackElo "2097"]
[WhiteClock "00:18:12"]
[BlackClock "00:01:27"]
[PlyCount "63"]
[WhiteFideId "34604367"]
[BlackFideId "16277252"]
[EventCountry "GER"]
[EventRounds "9"]
[EventType "swiss"]
[EventDate "2024.05.18"]

1. d4 {[%clk 01:30:58]} {[%emt 00:00:02]} d5 {[%clk 01:30:59]} {[%emt
00:00:02]} 2. c4 {[%clk 01:31:19]} {[%emt 00:00:20]} c6 {[%clk 01:31:22]}
{[%emt 00:00:14]} 3. cxd5 {[%clk 01:31:43]} {[%emt 00:00:05]} cxd5 {[%clk
01:31:49]} {[%emt 00:00:02]} 4. Nc3 {[%clk 01:32:05]} {[%emt 00:00:05]} Nf6
{[%clk 01:32:15]} {[%emt 00:00:02]} 5. f3 {[%clk 01:31:52]} {[%emt 00:00:36]}
Qb6 {[%clk 01:32:05]} {[%emt 00:00:32]} 6. e4 {[%clk 01:31:24]} {[%emt
00:00:59]} dxe4 {[%clk 01:31:35]} {[%emt 00:01:00]} 7. Bb5+ {[%clk 01:29:10]}
{[%emt 00:02:44]} Bd7 {[%clk 01:30:13]} {[%emt 00:01:51]} 8. Bxd7+ {[%clk
01:29:31]} {[%emt 00:00:09]} Nbxd7 {[%clk 01:30:38]} {[%emt 00:00:06]} 9. fxe4
{[%clk 01:29:02]} {[%emt 00:00:59]} e5 {[%clk 01:22:53]} {[%emt 00:08:14]} 10.
d5 {[%clk 01:23:18]} {[%emt 00:06:14]} Bb4 {[%clk 01:18:41]} {[%emt 00:04:42]}
11. Qc2 {[%clk 00:52:16]} {[%emt 00:31:33]} Rc8 {[%clk 01:11:56]} {[%emt
00:07:13]} 12. Nge2 {[%clk 00:43:47]} {[%emt 00:09:01]} Ng4 {[%clk 01:01:53]}
{[%emt 00:10:32]} 13. Ng3 {[%clk 00:43:12]} {[%emt 00:01:06]} O-O {[%clk
00:56:24]} {[%emt 00:05:59]} 14. Qe2 {[%clk 00:39:40]} {[%emt 00:04:01]} Rxc3
{[%clk 00:47:56]} {[%emt 00:08:58]} 15. bxc3 {[%clk 00:39:15]} {[%emt
00:00:55]} Bxc3+ {[%clk 00:48:24]} {[%emt 00:00:01]} 16. Bd2 {[%clk 00:35:56]}
{[%emt 00:03:49]} Bxa1 {[%clk 00:47:15]} {[%emt 00:01:40]} 17. Qxg4 {[%clk
00:36:20]} {[%emt 00:00:06]} Nf6 {[%clk 00:46:06]} {[%emt 00:01:40]} 18. Qd1
{[%clk 00:35:13]} {[%emt 00:01:37]} Qd4 {[%clk 00:38:29]} {[%emt 00:08:06]} 19.
Ne2 {[%clk 00:33:42]} {[%emt 00:02:01]} Qxe4 {[%clk 00:35:43]} {[%emt
00:03:17]} 20. Qxa1 {[%clk 00:33:47]} {[%emt 00:00:24]} Qxd5 {[%clk 00:34:36]}
{[%emt 00:01:37]} 21. Bc3 {[%clk 00:29:36]} {[%emt 00:04:41]} Qxg2 {[%clk
00:21:27]} {[%emt 00:13:38]} 22. Rg1 {[%clk 00:29:35]} {[%emt 00:00:32]} Qxh2
{[%clk 00:21:40]} {[%emt 00:00:17]} 23. Bxe5 {[%clk 00:29:38]} {[%emt
00:00:28]} Qh4+ {[%clk 00:21:44]} {[%emt 00:00:24]} 24. Kf1 {[%clk 00:26:09]}
{[%emt 00:04:00]} Qh3+ {[%clk 00:20:10]} {[%emt 00:02:04]} 25. Ke1 {[%clk
00:25:03]} {[%emt 00:01:36]} Qh4+ {[%clk 00:20:04]} {[%emt 00:00:36]} 26. Kf1
{[%clk 00:24:10]} {[%emt 00:01:23]} Ng4 {[%clk 00:14:26]} {[%emt 00:06:06]} 27.
Qd4 {[%clk 00:21:57]} {[%emt 00:02:44]} Rd8 {[%clk 00:09:51]} {[%emt 00:05:05]}
28. Qf4 {[%clk 00:19:22]} {[%emt 00:03:06]} g5 {[%clk 00:02:06]} {[%emt
00:08:15]} 29. Rxg4 {[%clk 00:18:10]} {[%emt 00:01:42]} Rd1+ {[%clk 00:02:32]}
{[%emt 00:00:05]} 30. Kg2 {[%clk 00:18:25]} {[%emt 00:00:15]} Qh1+ {[%clk
00:02:45]} {[%emt 00:00:16]} 31. Kg3 {[%clk 00:18:37]} {[%emt 00:00:17]} Qe1+
{[%clk 00:01:27]} {[%emt 00:01:49]} 32. Qf2 {[%clk 00:18:12]} {[%emt 00:00:55]}
1-0

[Event "DEM U14 2024"]
[Site "Willingen GER"]
[Date "2024.05.23"]
[Round "7"]
[White "Aniol, Nico"]
[Black "Li, Luxuan"]
[Result "1/2-1/2"]
[Termination "normal"]
[Board "17"]
[WhiteElo "1860"]
[BlackElo "1709"]
[WhiteClock "00:21:33"]
[BlackClock "00:19:20"]
[PlyCount "89"]
[WhiteFideId "16287096"]
[BlackFideId "34617507"]
[EventCountry "GER"]
[EventRounds "9"]
[EventType "swiss"]
[EventDate "2024.05.18"]

1. e4 {[%clk 01:30:56]} {[%emt 00:00:05]} e5 {[%clk 01:30:59]} {[%emt
00:00:02]} 2. Nf3 {[%clk 01:31:19]} {[%emt 00:00:14]} Nc6 {[%clk 01:31:27]}
{[%emt 00:00:07]} 3. Bb5 {[%clk 01:31:43]} {[%emt 00:00:12]} a6 {[%clk
01:31:51]} {[%emt 00:00:06]} 4. Ba4 {[%clk 01:32:08]} {[%emt 00:00:04]} f5
{[%clk 01:32:17]} {[%emt 00:00:02]} 5. d4 {[%clk 01:27:41]} {[%emt 00:04:41]}
b5 {[%clk 01:32:06]} {[%emt 00:00:41]} 6. Bb3 {[%clk 01:28:07]} {[%emt
00:00:04]} Na5 {[%clk 01:32:04]} {[%emt 00:00:31]} 7. Bxg8 {[%clk 01:24:59]}
{[%emt 00:03:38]} Rxg8 {[%clk 01:32:27]} {[%emt 00:00:07]} 8. Nxe5 {[%clk
01:25:22]} {[%emt 00:00:07]} Qh4 {[%clk 01:29:28]} {[%emt 00:03:28]} 9. Qe2
{[%clk 01:09:51]} {[%emt 00:16:02]} Qxe4 {[%clk 01:29:10]} {[%emt 00:00:48]}
10. Nc3 {[%clk 01:06:35]} {[%emt 00:03:45]} Qxe2+ {[%clk 01:29:33]} {[%emt
00:00:07]} 11. Nxe2 {[%clk 01:07:00]} {[%emt 00:00:05]} Bb7 {[%clk 01:25:50]}
{[%emt 00:04:13]} 12. Bd2 {[%clk 00:58:39]} {[%emt 00:08:52]} Nc6 {[%clk
01:24:07]} {[%emt 00:02:13]} 13. Nxc6 {[%clk 00:57:51]} {[%emt 00:01:18]} Bxc6
{[%clk 01:24:26]} {[%emt 00:00:10]} 14. f3 {[%clk 00:58:13]} {[%emt 00:00:08]}
O-O-O {[%clk 01:16:20]} {[%emt 00:08:37]} 15. O-O-O {[%clk 00:55:32]} {[%emt
00:03:09]} Re8 {[%clk 01:06:12]} {[%emt 00:10:39]} 16. Rhe1 {[%clk 00:49:55]}
{[%emt 00:06:07]} Bd6 {[%clk 01:01:28]} {[%emt 00:05:14]} 17. Nf4 {[%clk
00:33:06]} {[%emt 00:17:20]} Bxf4 {[%clk 00:47:27]} {[%emt 00:14:31]} 18. Bxf4
{[%clk 00:33:34]} {[%emt 00:00:01]} Bd5 {[%clk 00:47:03]} {[%emt 00:00:54]} 19.
Kd2 {[%clk 00:25:17]} {[%emt 00:08:47]} d6 {[%clk 00:45:51]} {[%emt 00:01:42]}
20. b3 {[%clk 00:20:35]} {[%emt 00:05:12]} Kd7 {[%clk 00:43:37]} {[%emt
00:02:44]} 21. Kd3 {[%clk 00:18:34]} {[%emt 00:02:32]} Bf7 {[%clk 00:36:01]}
{[%emt 00:08:06]} 22. c4 {[%clk 00:16:31]} {[%emt 00:02:33]} b4 {[%clk
00:33:11]} {[%emt 00:03:19]} 23. a3 {[%clk 00:15:09]} {[%emt 00:01:53]} a5
{[%clk 00:31:34]} {[%emt 00:02:06]} 24. axb4 {[%clk 00:14:30]} {[%emt
00:01:09]} axb4 {[%clk 00:31:38]} {[%emt 00:00:27]} 25. Rxe8 {[%clk 00:14:38]}
{[%emt 00:00:22]} Rxe8 {[%clk 00:23:55]} {[%emt 00:08:12]} 26. Ra1 {[%clk
00:15:04]} {[%emt 00:00:04]} Rb8 {[%clk 00:20:46]} {[%emt 00:03:40]} 27. Ra7
{[%clk 00:13:53]} {[%emt 00:01:40]} Rb6 {[%clk 00:14:34]} {[%emt 00:06:42]} 28.
h4 {[%clk 00:09:01]} {[%emt 00:05:21]} Rc6 {[%clk 00:08:54]} {[%emt 00:06:11]}
29. d5 {[%clk 00:06:51]} {[%emt 00:02:41]} Rb6 {[%clk 00:06:33]} {[%emt
00:02:50]} 30. c5 {[%clk 00:07:15]} {[%emt 00:00:06]} Rb5 {[%clk 00:05:09]}
{[%emt 00:01:54]} 31. Bxd6 {[%clk 00:07:31]} {[%emt 00:00:14]} Bxd5 {[%clk
00:04:49]} {[%emt 00:00:50]} 32. Rxc7+ {[%clk 00:07:57]} {[%emt 00:00:03]} Ke6
{[%clk 00:04:29]} {[%emt 00:00:50]} 33. Rxg7 {[%clk 00:07:27]} {[%emt
00:01:01]} Bxb3 {[%clk 00:03:52]} {[%emt 00:01:07]} 34. Rxh7 {[%clk 00:07:34]}
{[%emt 00:00:24]} Ba2 {[%clk 00:03:43]} {[%emt 00:00:38]} 35. Re7+ {[%clk
00:06:47]} {[%emt 00:01:17]} Kf6 {[%clk 00:03:14]} {[%emt 00:00:59]} 36. Re2
{[%clk 00:06:52]} {[%emt 00:00:25]} Bf7 {[%clk 00:01:53]} {[%emt 00:01:50]} 37.
Be7+ {[%clk 00:06:45]} {[%emt 00:00:38]} Kg7 {[%clk 00:01:59]} {[%emt
00:00:25]} 38. Rb2 {[%clk 00:06:29]} {[%emt 00:00:45]} Rb7 {[%clk 00:01:31]}
{[%emt 00:00:58]} 39. Bd6 {[%clk 00:06:48]} {[%emt 00:00:11]} Be8 {[%clk
00:01:33]} {[%emt 00:00:28]} 40. Kc4 {[%clk 00:02:49]} {[%emt 00:04:29]} b3
{[%clk 00:00:33]} {[%emt 00:01:30]} 41. Kd5 {[%clk 00:02:10]} {[%emt 00:01:09]}
Kf6 {[%clk 00:26:25]} {[%emt 00:04:38]} 42. Rb1 {[%clk 00:20:28]} {[%emt
00:12:12]} b2 {[%clk 00:20:56]} {[%emt 00:05:58]} 43. Rxb2 {[%clk 00:20:49]}
{[%emt 00:00:10]} Bf7+ {[%clk 00:19:23]} {[%emt 00:02:02]} 44. Kc6 {[%clk
00:21:08]} {[%emt 00:00:11]} Rxb2 {[%clk 00:19:20]} {[%emt 00:00:34]} 45. g3
{[%clk 00:21:33]} 1/2-1/2

[Event "DEM U14 2024"]
[Site "Willingen GER"]
[Date "2024.05.23"]
[Round "7"]
[White "Uyar, Levin"]
[Black "Nguyen, Thanh An"]
[Result "0-1"]
[Termination "normal"]
[Board "18"]
[WhiteElo "1868"]
[BlackElo "1794"]
[WhiteClock "00:01:15"]
[BlackClock "00:38:22"]
[PlyCount "78"]
[WhiteFideId "16282108"]
[BlackFideId "34627804"]
[EventCountry "GER"]
[EventRounds "9"]
[EventType "swiss"]
[EventDate "2024.05.18"]

1. e4 {[%clk 01:30:57]} {[%emt 00:00:04]} c5 {[%clk 01:30:57]} {[%emt
00:00:05]} 2. Nf3 {[%clk 01:31:22]} {[%emt 00:00:14]} Nc6 {[%clk 01:31:24]}
{[%emt 00:00:06]} 3. d4 {[%clk 01:31:46]} {[%emt 00:00:10]} cxd4 {[%clk
01:31:50]} {[%emt 00:00:07]} 4. Nxd4 {[%clk 01:32:10]} {[%emt 00:00:05]} Nf6
{[%clk 01:32:04]} {[%emt 00:00:14]} 5. Nc3 {[%clk 01:32:28]} {[%emt 00:00:09]}
e5 {[%clk 01:32:25]} {[%emt 00:00:13]} 6. Ndb5 {[%clk 01:32:46]} {[%emt
00:00:05]} d6 {[%clk 01:32:25]} {[%emt 00:00:19]} 7. Bg5 {[%clk 01:32:01]}
{[%emt 00:01:14]} a6 {[%clk 01:32:23]} {[%emt 00:00:33]} 8. Na3 {[%clk
01:32:25]} {[%emt 00:00:06]} b5 {[%clk 01:32:33]} {[%emt 00:00:19]} 9. Nd5
{[%clk 01:32:48]} {[%emt 00:00:08]} Be7 {[%clk 01:32:44]} {[%emt 00:00:19]} 10.
Bxf6 {[%clk 01:33:11]} {[%emt 00:00:08]} Bxf6 {[%clk 01:33:08]} {[%emt
00:00:05]} 11. c3 {[%clk 01:33:35]} {[%emt 00:00:05]} Bg5 {[%clk 01:32:13]}
{[%emt 00:01:25]} 12. Nc2 {[%clk 01:32:58]} {[%emt 00:01:08]} Rb8 {[%clk
01:31:48]} {[%emt 00:00:55]} 13. g3 {[%clk 01:30:32]} {[%emt 00:02:55]} Be6
{[%clk 01:30:53]} {[%emt 00:01:25]} 14. Bg2 {[%clk 01:10:31]} {[%emt 00:20:31]}
Ne7 {[%clk 01:30:44]} {[%emt 00:00:40]} 15. Nxe7 {[%clk 00:59:56]} {[%emt
00:11:05]} Bxe7 {[%clk 01:29:16]} {[%emt 00:01:58]} 16. O-O {[%clk 00:59:04]}
{[%emt 00:01:21]} O-O {[%clk 01:26:34]} {[%emt 00:03:13]} 17. Qd2 {[%clk
00:56:34]} {[%emt 00:02:59]} Qb6 {[%clk 01:24:29]} {[%emt 00:02:36]} 18. Ne3
{[%clk 00:53:59]} {[%emt 00:03:04]} Rfc8 {[%clk 01:23:29]} {[%emt 00:01:30]}
19. f4 {[%clk 00:44:13]} {[%emt 00:10:16]} exf4 {[%clk 01:09:50]} {[%emt
00:14:09]} 20. gxf4 {[%clk 00:43:52]} {[%emt 00:00:51]} Bf6 {[%clk 01:03:30]}
{[%emt 00:06:51]} 21. Rad1 {[%clk 00:26:17]} {[%emt 00:18:04]} Bxa2 {[%clk
00:55:58]} {[%emt 00:08:02]} 22. Rf2 {[%clk 00:21:11]} {[%emt 00:05:35]} b4
{[%clk 00:55:27]} {[%emt 00:01:03]} 23. cxb4 {[%clk 00:20:32]} {[%emt
00:01:08]} Bb3 {[%clk 00:54:42]} {[%emt 00:01:15]} 24. Rdf1 {[%clk 00:08:32]}
{[%emt 00:12:29]} Bxb2 {[%clk 00:48:33]} {[%emt 00:06:39]} 25. Nf5 {[%clk
00:07:23]} {[%emt 00:01:39]} Bc3 {[%clk 00:48:51]} {[%emt 00:00:13]} 26. Qxd6
{[%clk 00:06:55]} {[%emt 00:00:59]} Qxd6 {[%clk 00:47:21]} {[%emt 00:02:00]}
27. Nxd6 {[%clk 00:07:24]} Rd8 {[%clk 00:47:27]} {[%emt 00:00:24]} 28. Nf5
{[%clk 00:07:03]} {[%emt 00:00:50]} Bxb4 {[%clk 00:45:08]} {[%emt 00:02:50]}
29. Rf3 {[%clk 00:05:39]} {[%emt 00:01:54]} Bc5+ {[%clk 00:40:19]} {[%emt
00:05:19]} 30. Kh1 {[%clk 00:05:57]} {[%emt 00:00:11]} a5 {[%clk 00:40:11]}
{[%emt 00:00:39]} 31. Rc1 {[%clk 00:05:11]} {[%emt 00:01:13]} Bf8 {[%clk
00:40:17]} {[%emt 00:00:26]} 32. Bf1 {[%clk 00:03:54]} {[%emt 00:01:47]} a4
{[%clk 00:39:51]} {[%emt 00:00:56]} 33. Ne3 {[%clk 00:02:20]} {[%emt 00:02:04]}
a3 {[%clk 00:37:33]} {[%emt 00:02:48]} 34. Nc2 {[%clk 00:01:52]} {[%emt
00:00:59]} Rdc8 {[%clk 00:37:28]} {[%emt 00:00:35]} 35. Rf2 {[%clk 00:01:29]}
{[%emt 00:00:52]} a2 {[%clk 00:37:37]} {[%emt 00:00:21]} 36. Bd3 {[%clk
00:01:30]} {[%emt 00:00:29]} Rc3 {[%clk 00:37:39]} {[%emt 00:00:28]} 37. Rd2
{[%clk 00:00:54]} {[%emt 00:01:06]} Rxd3 {[%clk 00:37:46]} {[%emt 00:00:23]}
38. Rxd3 {[%clk 00:01:15]} {[%emt 00:00:09]} Bxc2 {[%clk 00:38:13]} {[%emt
00:00:04]} 39. Rd2 {[%emt 00:00:36]} Rb1 {[%clk 00:38:22]} {[%emt 00:00:19]}
0-1

[Event "DEM U14 2024"]
[Site "Willingen GER"]
[Date "2024.05.23"]
[Round "7"]
[White "Pimenov, Danil"]
[Black "Savchuk, Alexander"]
[Result "1/2-1/2"]
[Termination "normal"]
[Board "19"]
[WhiteElo "1863"]
[BlackElo "1865"]
[WhiteClock "01:01:41"]
[BlackClock "00:54:49"]
[PlyCount "51"]
[WhiteFideId "34600248"]
[BlackFideId "34617434"]
[EventCountry "GER"]
[EventRounds "9"]
[EventType "swiss"]
[EventDate "2024.05.18"]

1. e4 {[%clk 01:30:57]} {[%emt 00:00:04]} c5 {[%clk 01:30:50]} {[%emt
00:00:22]} 2. Nf3 {[%clk 01:31:17]} {[%emt 00:00:17]} d6 {[%clk 01:31:03]}
{[%emt 00:00:16]} 3. d4 {[%clk 01:31:43]} {[%emt 00:00:04]} cxd4 {[%clk
01:31:22]} {[%emt 00:00:09]} 4. Nxd4 {[%clk 01:32:05]} {[%emt 00:00:09]} Nf6
{[%clk 01:31:35]} {[%emt 00:00:10]} 5. Nc3 {[%clk 01:32:30]} {[%emt 00:00:07]}
g6 {[%clk 01:31:59]} {[%emt 00:00:02]} 6. Bc4 {[%clk 01:31:32]} {[%emt
00:01:20]} Bg7 {[%clk 01:32:20]} {[%emt 00:00:08]} 7. f3 {[%clk 01:29:55]}
{[%emt 00:02:08]} O-O {[%clk 01:32:28]} {[%emt 00:00:22]} 8. Bb3 {[%clk
01:30:08]} {[%emt 00:00:17]} Nc6 {[%clk 01:32:03]} {[%emt 00:00:54]} 9. Be3
{[%clk 01:30:11]} {[%emt 00:00:27]} Nxd4 {[%clk 01:31:35]} {[%emt 00:00:59]}
10. Bxd4 {[%clk 01:30:21]} {[%emt 00:00:19]} Be6 {[%clk 01:31:50]} {[%emt
00:00:15]} 11. Qd2 {[%clk 01:29:15]} {[%emt 00:01:36]} Qa5 {[%clk 01:31:43]}
{[%emt 00:00:36]} 12. Bxe6 {[%clk 01:27:20]} {[%emt 00:02:26]} fxe6 {[%clk
01:32:00]} {[%emt 00:00:13]} 13. O-O-O {[%clk 01:26:12]} {[%emt 00:01:38]} b5
{[%clk 01:31:21]} {[%emt 00:01:09]} 14. Kb1 {[%clk 01:25:55]} {[%emt 00:00:47]}
b4 {[%clk 01:29:28]} {[%emt 00:02:23]} 15. Ne2 {[%clk 01:25:50]} {[%emt
00:00:35]} Qb5 {[%clk 01:27:29]} {[%emt 00:02:29]} 16. Qd3 {[%clk 01:22:11]}
{[%emt 00:04:09]} Qxd3 {[%clk 01:24:30]} {[%emt 00:03:29]} 17. Rxd3 {[%clk
01:22:25]} {[%emt 00:00:15]} Nd7 {[%clk 01:23:33]} {[%emt 00:01:26]} 18. Bxg7
{[%clk 01:21:22]} {[%emt 00:01:34]} Kxg7 {[%clk 01:23:58]} {[%emt 00:00:05]}
19. Nd4 {[%clk 01:18:52]} {[%emt 00:03:00]} Kf7 {[%clk 01:23:25]} {[%emt
00:01:02]} 20. h4 {[%clk 01:16:34]} {[%emt 00:02:48]} e5 {[%clk 01:22:38]}
{[%emt 00:01:17]} 21. Nc6 {[%clk 01:15:48]} {[%emt 00:01:17]} a5 {[%clk
01:21:50]} {[%emt 00:01:18]} 22. Rd5 {[%clk 01:15:01]} {[%emt 00:01:17]} Ra6
{[%clk 01:14:23]} {[%emt 00:07:56]} 23. Nxa5 {[%clk 01:10:08]} {[%emt
00:05:24]} Rfa8 {[%clk 01:14:41]} {[%emt 00:00:12]} 24. Nb3 {[%clk 01:09:49]}
{[%emt 00:00:50]} Rxa2 {[%clk 01:14:28]} {[%emt 00:00:43]} 25. Rhd1 {[%clk
01:04:56]} {[%emt 00:05:22]} R8a4 {[%clk 00:54:49]} {[%emt 00:20:09]} 26. Rb5
{[%clk 01:01:41]} {[%emt 00:03:45]} 1/2-1/2

[Event "DEM U14 2024"]
[Site "Willingen GER"]
[Date "2024.05.23"]
[Round "7"]
[White "Nönnig, Jakob"]
[Black "Han, Erdem"]
[Result "1-0"]
[Termination "normal"]
[Board "20"]
[WhiteElo "1990"]
[BlackElo "1654"]
[WhiteClock "00:26:07"]
[BlackClock "00:03:33"]
[PlyCount "47"]
[WhiteFideId "16289447"]
[BlackFideId "533000646"]
[EventCountry "GER"]
[EventRounds "9"]
[EventType "swiss"]
[EventDate "2024.05.18"]

1. e4 {[%clk 01:30:58]} {[%emt 00:00:02]} c5 {[%clk 01:30:52]} {[%emt
00:00:16]} 2. Nf3 {[%clk 01:31:22]} {[%emt 00:00:10]} Nc6 {[%clk 01:31:15]}
{[%emt 00:00:14]} 3. d4 {[%clk 01:31:46]} {[%emt 00:00:05]} cxd4 {[%clk
01:31:33]} {[%emt 00:00:11]} 4. Nxd4 {[%clk 01:32:09]} {[%emt 00:00:09]} e5
{[%clk 01:31:41]} {[%emt 00:00:20]} 5. Nb5 {[%clk 01:32:10]} {[%emt 00:00:14]}
d6 {[%clk 01:31:37]} {[%emt 00:00:31]} 6. N1c3 {[%clk 01:31:50]} {[%emt
00:00:51]} a6 {[%clk 01:30:51]} {[%emt 00:01:16]} 7. Na3 {[%clk 01:32:09]}
{[%emt 00:00:11]} Be7 {[%clk 01:29:26]} {[%emt 00:01:56]} 8. Nc4 {[%clk
01:31:04]} {[%emt 00:01:34]} b5 {[%clk 01:28:08]} {[%emt 00:01:48]} 9. Ne3
{[%clk 01:30:37]} {[%emt 00:00:57]} Nf6 {[%clk 01:26:32]} {[%emt 00:02:07]} 10.
Ned5 {[%clk 01:23:33]} {[%emt 00:07:34]} O-O {[%clk 01:21:57]} {[%emt
00:05:03]} 11. a4 {[%clk 01:14:49]} {[%emt 00:09:16]} b4 {[%clk 01:10:32]}
{[%emt 00:11:54]} 12. Nxf6+ {[%clk 01:15:03]} {[%emt 00:00:16]} Bxf6 {[%clk
01:10:32]} {[%emt 00:00:30]} 13. Nd5 {[%clk 01:15:24]} {[%emt 00:00:09]} Be7
{[%clk 01:01:46]} {[%emt 00:09:16]} 14. Bc4 {[%clk 01:14:51]} {[%emt 00:01:03]}
Be6 {[%clk 00:58:59]} {[%emt 00:03:17]} 15. O-O {[%clk 01:13:18]} {[%emt
00:02:03]} a5 {[%clk 00:54:11]} {[%emt 00:05:18]} 16. Be3 {[%clk 01:12:28]}
{[%emt 00:01:21]} Rb8 {[%clk 00:50:36]} {[%emt 00:04:04]} 17. Qd3 {[%clk
01:01:13]} {[%emt 00:11:45]} Qd7 {[%clk 00:43:02]} {[%emt 00:08:05]} 18. Bb5
{[%clk 01:00:03]} {[%emt 00:01:40]} Rfe8 {[%clk 00:34:02]} {[%emt 00:09:29]}
19. Rad1 {[%clk 00:53:52]} {[%emt 00:06:41]} Bf8 {[%clk 00:25:48]} {[%emt
00:08:44]} 20. Bg5 {[%clk 00:43:15]} {[%emt 00:11:07]} h6 {[%clk 00:12:49]}
{[%emt 00:13:30]} 21. Bxh6 {[%clk 00:40:43]} {[%emt 00:03:01]} f6 {[%clk
00:05:59]} {[%emt 00:07:20]} 22. Qg3 {[%clk 00:34:35]} {[%emt 00:06:38]} Kf7
{[%clk 00:05:19]} {[%emt 00:01:10]} 23. Qh4 {[%clk 00:30:43]} {[%emt 00:04:22]}
Rec8 {[%clk 00:03:33]} {[%emt 00:02:16]} 24. Be3 {[%clk 00:26:07]} {[%emt
00:05:06]} 1-0